Der sinnreiche Junker Don Quixote von la Mancha (Record no. 2585)

MARC details
000 -CABECERA
campo de control de longitud fija 01929nam a2200325 a 4500
001 - NÚMERO DE CONTROL
campo de control BRCA_2846
005 - FECHA Y HORA DE LA ÚLTIMA TRANSACCIÓN
campo de control 20190320204009.0
008 - DATOS DE LONGITUD FIJA--INFORMACIÓN GENERAL
campo de control de longitud fija 101208s1800----gw-#---###---#000-0dger-u
041 ## - CÓDIGO DE LENGUA
Código de lengua del texto/banda sonora o título independiente ger
044 ## - CÓDIGO DEL PAÍS DE LA ENTIDAD EDITORA/PRODUCTORA
Código MARC del país gw
084 ## - OTRO NÚMERO DE CLASIFICACIÓN
Número de clasificación 271
Número de documento/Ítem .N53
-- 1800
100 1# - ENTRADA PRINCIPAL--NOMBRE DE PERSONA
Nombre de persona Cervantes Saavedra, Miguel de
Fechas asociadas al nombre 1547-1616
9 (RLIN) 213
245 10 - MENCIÓN DE TÍTULO
Título Der sinnreiche Junker Don Quixote von la Mancha
Mención de responsabilidad, etc. von Miguel de Cervantes Saavedra.
260 ## - PUBLICACIÓN, DISTRIBUCIÓN, ETC.
Lugar de publicación, distribución, etc. Königsberg (Alemania)
Nombre del editor, distribuidor, etc. Friedrich Nicolovius
Fecha de publicación, distribución, etc. 1800
300 ## - DESCRIPCIÓN FÍSICA
Extensión 6 v.
Dimensiones 16 cm.
Material acompañante/anejo 1 mapa
500 ## - NOTA GENERAL
Nota general Contenido : v 1. Primera parte. Noticia sobre la vida de Cervantes. Prólogo del autor. Nota del traductor. Dedicatoria del autor. Versos preliminares. Texto. -- v 2. Texto. -- v 3. Texto. -- v 4. Segunda parte. Respuesta del traductor a la crítica de Schlegel a la traducción. Dedicatoria del autor. Prólogo del autor. -- v 5. Texto. Mapa de los lugares donde anduvo D. Quijote. -- v 6. Texto
500 ## - NOTA GENERAL
Nota general Edición : Uebersetzt von D. W. Soltau
500 ## - NOTA GENERAL
Nota general Traducción de Soltau durante censurada por Wihelm Schlegel. Sin embargo, a pesar de caracter de elegancia y fluidez que campea en otras versiones, es aceptable, tanto más que es completa y fiel al original. Sigue a la obra una bastante extensa biografía de Cervantes, extractada de la edición de la Academia, de 1819. La impresión y papel son buenos. Semipiel; lomeras decoradas con adornos dorados Lúdovik Osterc
500 ## - NOTA GENERAL
Nota general Con ex-libris de : Berthold Litzmann
500 ## - NOTA GENERAL
Nota general QM505
546 ## - NOTA DE LENGUA/LENGUAJE
Nota de lengua/lenguaje Texto en : alemán
650 14 - PUNTO DE ACCESO ADICIONAL DE MATERIA--TÉRMINO DE MATERIA
Término de materia o nombre geográfico como elemento de entrada Novela española
Subdivisión cronológica Época clásica, 1500-1700
9 (RLIN) 215
650 14 - PUNTO DE ACCESO ADICIONAL DE MATERIA--TÉRMINO DE MATERIA
Término de materia o nombre geográfico como elemento de entrada Literatura española
Subdivisión cronológica Época clásica, 1500-1700
9 (RLIN) 216
650 14 - PUNTO DE ACCESO ADICIONAL DE MATERIA--TÉRMINO DE MATERIA
Término de materia o nombre geográfico como elemento de entrada Novela española
Subdivisión cronológica Siglo XVII
9 (RLIN) 217
650 14 - PUNTO DE ACCESO ADICIONAL DE MATERIA--TÉRMINO DE MATERIA
Término de materia o nombre geográfico como elemento de entrada Don Quijote (Personaje ficticio)
Término indicativo de función/relación Novela
9 (RLIN) 218
700 1# - PUNTO DE ACCESO ADICIONAL--NOMBRE DE PERSONA
Nombre de persona Wilhelm Soltau, Dietrich
Fechas asociadas al nombre 1745-1827
Término indicativo de función/relación Traductor
9 (RLIN) 7960
740 0# - PUNTO DE ACCESO ADICIONAL--TÍTULO RELACIONADO O ANALÍTICO NO CONTROLADO
Título relacionado o analítico no controlado El Ingenioso Hidalgo Don Quijote de la Mancha
902 ## - CATALOGADOR
Iniciales QFM
942 ## - ELEMENTOS DE PUNTO DE ACCESO ADICIONAL (KOHA)
Fuente del sistema de clasificación o colocación Library of Congress Classification
Tipo de ítem Koha Libros
Holdings
Estado de retiro Estado de pérdida Estado dañado No para préstamo Localización permanente Ubicación/localización actual Fecha de adquisición Número de inventario Total de préstamos Signatura topográfica completa Código de barras Fecha visto por última vez Precio válido a partir de Tipo de ítem Koha
El ejemplar forma parte de la colección y puede ser consultado según las políticas vigentes.       Biblioteca del Museo Franz Mayer (Rogerio Casas-Alatriste) Biblioteca del Museo Franz Mayer (Rogerio Casas-Alatriste) 10/12/2008 QM505   271 .N53 1800 (QM505) 2843 22/03/2019 22/03/2019 Libros